000 01231nam a22002894a 4500
001 ebr10312707
003 CaPaEBR
006 m u
007 cr cn|||||||||
008 050204s2005 bccc sb 001 0 eng
010 _z 2005041323
020 _z155365045X (pbk. : alk. paper)
040 _aCaPaEBR
_cCaPaEBR
035 _a(OCoLC)611612509
050 1 4 _aT14.5
_b.M484 2005eb
082 0 4 _a303.48/3
_222
100 1 _aMenzies, Heather,
_d1949-
245 1 0 _aNo time
_h[electronic resource] :
_bstress and the crisis of modern life /
_cHeather Menzies.
260 _aVancouver, B.C. :
_bDouglas & McIntyre ;
_a[Berkeley, CA] :
_bDistributed in the U.S. by Publishers Group West,
_cc2005.
300 _axi, 291 p. :
_bports. .
504 _aIncludes bibliographical references (p. 259-282) and index.
533 _aElectronic reproduction.
_bPalo Alto, Calif. :
_cebrary,
_d2013.
_nAvailable via World Wide Web.
_nAccess may be limited to ebrary affiliated libraries.
650 0 _aTechnology
_xSocial aspects.
655 7 _aElectronic books.
_2local
710 2 _aebrary, Inc.
856 4 0 _uhttp://site.ebrary.com/lib/rucke/Doc?id=10312707
_zAn electronic book accessible through the World Wide Web; click to view
999 _c176473
_d176473